| 000 | 01946nam0a2200337 4500 | ||
|---|---|---|---|
| 001 | RU\NLR\BIBL_A\011785283 | ||
| 005 | 20260407191902.0 | ||
| 035 | _a(NLR Aleph) 011785283 | ||
| 090 |
_a11797359 _c11797359 |
||
| 100 | _a20180910d2000 |||y0rusy50 ca | ||
| 101 | 0 | _arus | |
| 102 | _aRU | ||
| 105 | _aa z 010zy | ||
| 200 | 1 |
_aПамятники Пушкину в Пермской области _fАдминистрация г. Перми, Центральная городская библиотека им. А.С. Пушкина, Клуб Пушкинист _g[автор-составитель: И. Е. Рабинович] |
|
| 210 |
_aПермь _c[б. и.] _d2000 |
||
| 215 |
_a23, [1] с. _cил. _d21 |
||
| 300 | _aНа тит.л.: 200-летие со дня рождения А. С. Пушкина | ||
| 320 | _aБиблиогр.: с. 23 (19 назв.) | ||
| 600 | 1 |
_aПушкин _bА. С. _f1799 - 1837 _gАлександр Сергеевич _xв скульптуре русской _92545226 _3RU\NLR\AUTH\661506501 |
|
| 606 | 1 |
_aМемориальная скульптура русская советская _yПермская область _92380011 _3RU\NLR\AUTH\6601641077 |
|
| 686 | 2 | _aШ5(2=Р)51-4Пушкин80 | |
| 686 | 1 | _aЩ133(2Р=Рус)7-699 Пермская область | |
| 686 | 1 | _aЩ133(2Р=Рус)7-3 | |
| 702 | 1 |
_4220 _7ca _8rus _aРабинович _bИ. Е. _cкраевед _f1921-2018 _gИсаак Евгеньевич _9221140 _3RU\NLR\AUTH\770221196 |
|
| 702 | 1 |
_4570 _8rus _7ca _aПушкин _bА. С. _cпоэт _f1799-1837 _gАлександр Сергеевич _3RU\NLR\AUTH\77386 _9110441 |
|
| 712 | 0 | 2 |
_4570 _aЦентральная городская библиотека им. А. С. Пушкина _cПермь _3RU\NLR\AUTH\8810125143 _9747750 |
| 942 | _cBOOK | ||
| 980 | _aNB | ||